[Event "CYCC U14"]
[Site "Victoria CAN"]
[Date "2005.03.25"]
[Round "3.12"]
[White "Yu, Jeffrey Hong Cheung"]
[Black "Durbalau, Ovidiu"]
[Result "1-0"]
[WhiteElo "1487"]
[BlackElo "925"]
[PlyCount "53"]
[GameId "2160767910969259"]
[EventDate "2005.03.24"]
[EventType "swiss"]
[EventRounds "7"]
[EventCountry "CAN"]

1. e4 c5 2. Nf3 Nc6 3. c3 Nf6 4. Qc2 e5 5. Bc4 Bd6 6. O-O h6 7. Rd1 Qc7 8. h3 b6 9. d4 Bb7 10. dxc5 bxc5 11. Na3 a6 12. Bd3 Na5 13. Qe2 Be7 14. Bd2 Nc6 15. Nc4 O-O-O 16. b4 cxb4 17. cxb4 d6 18. Be3 Qd7 19. Nb6+ Kc7 20. Nxd7 Rxd7 21. Bxa6 Bxa6 22. Qxa6 d5 23. Rac1 Rd6 24. Nxe5 Rh7 25. Nxc6 Kd7 26. Qb7+ Ke6 27. Qxe7# 1-0

[Event "CYCC U14"]
[Site "Victoria CAN"]
[Date "2005.03.25"]
[Round "3.13"]
[White "Iserhoff, Scott"]
[Black "Greene, Spencer"]
[Result "1-0"]
[WhiteElo "1018"]
[BlackElo "964"]
[PlyCount "38"]
[GameId "2160767910969260"]
[EventDate "2005.03.24"]
[EventType "swiss"]
[EventRounds "7"]
[EventCountry "CAN"]

1. e4 Nh6 2. Nf3 d6 3. Ng5 Ng4 4. Qf3 c6 5. Qxf7+ Kd7 6. Qe6+ Kc7 7. Qc4 d5 8. Qa4 e6 9. Qa5+ b6 10. Qc3 Bd6 11. Nf7 Qe8 12. Qf3 e5 13. h3 h5 14. hxg4 hxg4 15. Rxh8 Qe7 16. Qe2 Na6 17. d3 g6 18. Bg5 Bb4+ 19. c3 Qxf7 1-0

[Event "CYCC U14"]
[Site "Victoria CAN"]
[Date "2005.03.25"]
[Round "4"]
[White "Davies, Noam"]
[Black "Kaminski, Victor"]
[Result "1-0"]
[WhiteElo "1966"]
[BlackElo "2055"]
[PlyCount "79"]
[GameId "2160767910969262"]
[EventDate "2005.03.24"]
[EventType "swiss"]
[EventRounds "7"]
[EventCountry "CAN"]
[SourceTitle "EXT 2006"]
[Source "ChessBase"]
[SourceDate "2005.11.24"]
[SourceVersion "1"]
[SourceVersionDate "2005.11.24"]
[SourceQuality "1"]

1. e4 c6 2. d4 d5 3. e5 Bf5 4. Nc3 e6 5. g4 Bg6 6. Nge2 Nd7 7. h4 h5 8. Nf4 Ne7 9. gxh5 Bh7 10. Bd3 Bxd3 11. Nxd3 Nf5 12. Qg4 c5 13. Be3 Qb6 14. dxc5 Nxe3 15. fxe3 Nxc5 16. Nxc5 Bxc5 17. Qxg7 O-O-O 18. O-O-O Bxe3+ 19. Kb1 Rxh5 20. Nxd5 Rxd5 21. Rxd5 exd5 22. Qg8+ Kc7 23. Qxf7+ Kb8 24. Qxh5 Bd4 25. Qe8+ Kc7 26. Qe7+ Kc8 27. Qa3 Bxe5 28. Qf8+ Kd7 29. Qf5+ Qe6 30. Qxe6+ Kxe6 31. Re1 Kf5 32. Rxe5+ Kxe5 33. Kc1 Kf4 34. Kd2 Kg4 35. Kd3 Kxh4 36. Kd4 Kg5 37. Kxd5 Kf6 38. Kd6 Kf7 39. Kc7 b6 40. Kb7 1-0

[Event "CYCC U14"]
[Site "Victoria CAN"]
[Date "2005.03.25"]
[Round "4.2"]
[White "Chung, Kevin"]
[Black "McDonald, Justin"]
[Result "1/2-1/2"]
[WhiteElo "2048"]
[BlackElo "1924"]
[PlyCount "56"]
[GameId "2160767910969263"]
[EventDate "2005.03.24"]
[EventType "swiss"]
[EventRounds "7"]
[EventCountry "CAN"]

1. e4 e5 2. Nf3 Nc6 3. d4 exd4 4. Nxd4 d6 5. Nc3 Nf6 6. Bg5 Be7 7. Be2 Nxe4 8. Bxe7 Qxe7 9. Nd5 Qd8 10. Nb5 O-O 11. O-O a6 12. Nbxc7 Ra7 13. f3 Nc5 14. Qd2 b5 15. Rfd1 Rxc7 16. Nxc7 Qxc7 17. Qxd6 Qxd6 18. Rxd6 Bb7 19. b3 Rd8 20. Rxd8+ Nxd8 21. Rd1 Nce6 22. c4 Bc6 23. cxb5 axb5 24. Kf2 Kf8 25. Ke3 Ke7 26. g3 Nb7 27. h4 Nc7 28. Bd3 h6 1/2-1/2

[Event "CYCC U14"]
[Site "Victoria CAN"]
[Date "2005.03.25"]
[Round "4.3"]
[White "Hambleton, Aman"]
[Black "Trandafir, Stefan"]
[Result "0-1"]
[WhiteElo "1963"]
[BlackElo "1525"]
[PlyCount "54"]
[GameId "2160767910969264"]
[EventDate "2005.03.24"]
[EventType "swiss"]
[EventRounds "7"]
[EventCountry "CAN"]

1. d4 f5 2. g4 fxg4 3. h3 g3 4. fxg3 Nf6 5. Nc3 e6 6. Bg2 Nh5 7. Qd3 Bd6 8. g4 Ng3 9. Ne4 Nxh1 10. Bg5 Be7 11. Bxe7 Qxe7 12. O-O-O d5 13. Bxh1 dxe4 14. Bxe4 c6 15. Bxh7 Nd7 16. Bg6+ Kd8 17. c4 Rf8 18. Nf3 Rb8 19. Nd2 b5 20. c5 a5 21. Ne4 Nf6 22. Nd6 Bd7 23. Qc3 b4 24. Qc4 Ra8 25. a3 Kc7 26. a4 Nd5 27. Qb3 Qg5+ 0-1

[Event "CYCC U14"]
[Site "Victoria CAN"]
[Date "2005.03.25"]
[Round "4.4"]
[White "Ang, Alan"]
[Black "Rozybakiyev, Rasul"]
[Result "1-0"]
[WhiteElo "1878"]
[BlackElo "1636"]
[PlyCount "55"]
[GameId "2160767910969265"]
[EventDate "2005.03.24"]
[EventType "swiss"]
[EventRounds "7"]
[EventCountry "CAN"]

1. e4 c5 2. Nf3 e6 3. d4 cxd4 4. Nxd4 Nf6 5. Nc3 d6 6. g4 Be7 7. g5 Nfd7 8. h4 Nc6 9. Be3 a6 10. f4 Qc7 11. Bh3 Nxd4 12. Bxd4 e5 13. Be3 Nc5 14. Qf3 Bxh3 15. Rxh3 Qc6 16. O-O-O f6 17. f5 O-O-O 18. Nd5 Rhe8 19. Bxc5 dxc5 20. Qh5 fxg5 21. hxg5 Kb8 22. Nxe7 Rxd1+ 23. Qxd1 Qxe4 24. Qd6+ Ka8 25. Rd3 Qf4+ 26. Rd2 Qxg5 27. Nd5 Qxf5 28. Nc7+ 1-0

[Event "CYCC U14"]
[Site "Victoria CAN"]
[Date "2005.03.25"]
[Round "4.6"]
[White "Kelman, Sean"]
[Black "Me, Kevin"]
[Result "0-1"]
[WhiteElo "1571"]
[BlackElo "1762"]
[PlyCount "100"]
[GameId "2160767910969267"]
[EventDate "2005.03.24"]
[EventType "swiss"]
[EventRounds "7"]
[EventCountry "CAN"]

1. e4 c5 2. Nf3 d6 3. d4 cxd4 4. Nxd4 Nf6 5. Nc3 a6 6. Be3 e5 7. Nb3 Be6 8. f3 Be7 9. Qd2 O-O 10. Be2 Qc7 11. O-O Nbd7 12. f4 b5 13. Bd3 Nb6 14. Qf2 Nc4 15. Bxc4 Bxc4 16. Rfd1 Rfb8 17. Qf3 b4 18. Nd5 Bxd5 19. exd5 e4 20. Qe2 Rb5 21. Bf2 Qb7 22. Nd2 Rxd5 23. Bh4 Qb6+ 24. Bf2 Qc6 25. Nc4 Rxd1+ 26. Rxd1 Rb8 27. Bh4 d5 28. Ne5 Qe6 29. g4 h6 30. b3 Rc8 31. Bg3 Qb6+ 32. Kh1 Rd8 33. g5 hxg5 34. fxg5 Ne8 35. Rf1 Qb5 36. Qxb5 axb5 37. Nxf7 Rc8 38. g6 Rxc2 39. Rf5 Nf6 40. Re5 Kf8 41. Bh4 Rxa2 42. Bxf6 Bxf6 43. Rxd5 e3 44. Ne5 Bxe5 45. Rxe5 e2 46. Rf5+ Ke7 47. Rf7+ Ke6 48. Kg1 e1=Q+ 49. Rf1 Qe2 50. Rf2 Qxf2+ 0-1

[Event "CYCC U14"]
[Site "Victoria CAN"]
[Date "2005.03.25"]
[Round "4.7"]
[White "Wang, Shane"]
[Black "Raymer, Evan"]
[Result "1-0"]
[WhiteElo "1748"]
[BlackElo "1617"]
[PlyCount "61"]
[GameId "2160767910969268"]
[EventDate "2005.03.24"]
[EventType "swiss"]
[EventRounds "7"]
[EventCountry "CAN"]

1. e4 c5 2. Nf3 d6 3. d4 cxd4 4. Nxd4 Nf6 5. Nc3 a6 6. Be2 e6 7. Be3 Qc7 8. O-O Nbd7 9. f4 b5 10. a3 Bb7 11. Bf3 Be7 12. f5 Nc5 13. fxe6 fxe6 14. Qe2 O-O-O 15. b4 Ncd7 16. Qd2 Nf8 17. a4 bxa4 18. Rxa4 d5 19. exd5 Nxd5 20. Nxd5 exd5 21. Rfa1 Bf6 22. Bg4+ Kb8 23. b5 Be5 24. bxa6 Bxh2+ 25. Kh1 Bc8 26. Bxc8 Rxc8 27. Rb4+ Ka8 28. Rb7 Qc3 29. Qxc3 Rxc3 30. Kxh2 Rxe3 31. Nc6 1-0

[Event "CYCC U14"]
[Site "Victoria CAN"]
[Date "2005.03.25"]
[Round "4.8"]
[White "Higgins, Rehan"]
[Black "Rouleau, Joel"]
[Result "1-0"]
[WhiteElo "1208"]
[BlackElo "1369"]
[PlyCount "35"]
[GameId "2160767910969269"]
[EventDate "2005.03.24"]
[EventType "swiss"]
[EventRounds "7"]
[EventCountry "CAN"]

1. Nf3 d5 2. g3 c5 3. Bg2 Nc6 4. O-O Bg4 5. d3 Nf6 6. Nbd2 e5 7. e4 d4 8. a4 Bd6 9. Nc4 O-O 10. c3 h6 11. h3 Be6 12. cxd4 exd4 13. Re1 Bxc4 14. dxc4 Nd7 15. Bd2 Nde5 16. Nxe5 Nxe5 17. Qc2 Qf6 18. f4 1-0

[Event "CYCC U14"]
[Site "Victoria CAN"]
[Date "2005.03.25"]
[Round "4.9"]
[White "Brown, Gabriel"]
[Black "Corbett, Aaron"]
[Result "1-0"]
[WhiteElo "1789"]
[BlackElo "906"]
[PlyCount "63"]
[GameId "2160767910969270"]
[EventDate "2005.03.24"]
[EventType "swiss"]
[EventRounds "7"]
[EventCountry "CAN"]

1. c4 e6 2. g3 Na6 3. Bg2 Qf6 4. Nc3 Bc5 5. Nf3 d5 6. d4 Bb6 7. cxd5 Nh6 8. dxe6 Bxe6 9. O-O O-O-O 10. Bg5 Qg6 11. Bxd8 Rxd8 12. Rc1 Ng4 13. h3 h5 14. Qc2 Bf5 15. e4 Be6 16. Na4 Bxd4 17. Nxd4 Rxd4 18. Rfd1 Rd8 19. Rxd8+ Kxd8 20. hxg4 Bxg4 21. Nc5 Nb4 22. Qd2+ Ke7 23. Qxb4 h4 24. Nd3+ c5 25. Qxc5+ Kd7 26. Ne5+ Ke8 27. Nxg6 fxg6 28. f3 h3 29. fxg4 b6 30. Qc7 hxg2 31. Rd1 g5 32. Rd8# 1-0

[Event "CYCC U14"]
[Site "Victoria CAN"]
[Date "2005.03.25"]
[Round "4.10"]
[White "Leclair, Jaret"]
[Black "Yu, Jeffrey Hong Cheung"]
[Result "0-1"]
[WhiteElo "912"]
[BlackElo "1487"]
[PlyCount "112"]
[GameId "2160767910969271"]
[EventDate "2005.03.24"]
[EventType "swiss"]
[EventRounds "7"]
[EventCountry "CAN"]

1. e4 e5 2. Nf3 Nc6 3. Bb5 a6 4. Bxc6 dxc6 5. Nxe5 Qd4 6. Nf3 Qxe4+ 7. Qe2 Qxe2+ 8. Kxe2 Bg4 9. c3 O-O-O 10. Re1 Nf6 11. h3 Bh5 12. Kf1 Bc5 13. d4 Ba7 14. Nbd2 c5 15. g4 Bg6 16. Nb3 cxd4 17. cxd4 Nd5 18. Bg5 f6 19. Bd2 h5 20. g5 fxg5 21. Re5 Nf4 22. Rxg5 Bd3+ 23. Ke1 Rhe8+ 24. Re5 Rxe5+ 25. Nxe5 Ng2+ 26. Kd1 Bf5 27. Ba5 Bxd4 28. Nxd4 Rxd4+ 29. Kc1 Rd5 30. Bc3 Nf4 31. b3 Ne2+ 32. Kb2 Nxc3 33. Kxc3 Rxe5 34. h4 Re2 35. f3 Re3+ 36. Kd4 Rxf3 37. Ke5 g6 38. Rd1 Rh3 39. Kf6 Rxh4 40. Ke7 b6 41. Rd8+ Kb7 42. a4 Rh3 43. b4 Rb3 44. a5 Rxb4 45. axb6 Rxb6 46. Rd2 h4 47. Rf2 h3 48. Rh2 g5 49. Rf2 Bc8 50. Kd8 g4 51. Rf7 Rd6+ 52. Rd7 Rxd7+ 53. Ke8 h2 54. Kf8 h1=Q 55. Kg8 Qh7+ 56. Kf8 Qh8# 0-1

[Event "CYCC U14"]
[Site "Victoria CAN"]
[Date "2005.03.25"]
[Round "4.11"]
[White "Ang, Adrian"]
[Black "Iserhoff, Scott"]
[Result "1-0"]
[WhiteElo "1455"]
[BlackElo "1018"]
[PlyCount "35"]
[GameId "2160767910969272"]
[EventDate "2005.03.24"]
[EventType "swiss"]
[EventRounds "7"]
[EventCountry "CAN"]

1. e4 Nh6 2. Nc3 d6 3. d4 e6 4. Nf3 d5 5. exd5 exd5 6. Bf4 Qe7+ 7. Be2 b5 8. Nxb5 Qb4+ 9. c3 Qe7 10. Nxc7+ Kd8 11. Nxa8 g6 12. Bc7+ Kd7 13. O-O Rg8 14. Bb5+ Nc6 15. Bxc6+ Kxc6 16. Qa4+ Kb7 17. Qb5+ Kxa8 18. Qb8# 1-0

[Event "CYCC U14"]
[Site "Victoria CAN"]
[Date "2005.03.25"]
[Round "4.12"]
[White "Wee, Michael"]
[Black "King, George"]
[Result "1-0"]
[WhiteElo "1287"]
[BlackElo "811"]
[PlyCount "75"]
[GameId "2160767910969273"]
[EventDate "2005.03.24"]
[EventType "swiss"]
[EventRounds "7"]
[EventCountry "CAN"]

1. e4 Nc6 2. Nf3 d6 3. d4 e6 4. Nc3 Nf6 5. Bd2 Bd7 6. Be3 Be7 7. Qd2 h5 8. h3 a5 9. O-O-O a4 10. a3 h4 11. e5 dxe5 12. dxe5 Nxe5 13. Nxe5 Bd6 14. Nxd7 Qxd7 15. Bb5 c6 16. Bxa4 b5 17. Bb3 b4 18. axb4 Rd8 19. Bg5 Bxb4 20. Qf4 Qe7 21. Bxf6 gxf6 22. Rxd8+ Kxd8 23. Qb8+ Kd7 24. Rd1+ Bd6 25. Qxh8 Qe8 26. Qxe8+ Kxe8 27. Rxd6 Ke7 28. Rxc6 Kd7 29. Ba4 Ke7 30. b4 f5 31. b5 f4 32. b6 f3 33. gxf3 e5 34. b7 Kf8 35. b8=Q+ Kg7 36. Qb7 Kf8 37. Bb3 e4 38. Qxf7# 1-0

[Event "CYCC U14"]
[Site "Victoria CAN"]
[Date "2005.03.25"]
[Round "4.13"]
[White "Lavigne-Theriault, Francis"]
[Black "Thomson, Stephen"]
[Result "1-0"]
[WhiteElo "1142"]
[BlackElo "1213"]
[PlyCount "77"]
[GameId "2160767910969274"]
[EventDate "2005.03.24"]
[EventType "swiss"]
[EventRounds "7"]
[EventCountry "CAN"]

1. d4 d5 2. c4 c6 3. Nc3 Nf6 4. Bg5 Bf5 5. Bxf6 gxf6 6. Nf3 e6 7. c5 Nd7 8. e3 b6 9. b4 Be7 10. Bd3 Bxd3 11. Qxd3 e5 12. e4 dxe4 13. Qxe4 Qc7 14. O-O exd4 15. Qxd4 O-O-O 16. Qe4 Rde8 17. b5 Nxc5 18. Qxc6 Qxc6 19. bxc6 Kc7 20. Nd4 Rd8 21. Ncb5+ Kb8 22. c7+ Kb7 23. cxd8=Q Rxd8 24. Rfd1 a6 25. Na7 f5 26. Nac6 Re8 27. Nxe7 Rxe7 28. Nxf5 Re5 29. Nd6+ Ka7 30. Nxf7 Re7 31. Ng5 a5 32. Re1 Rb7 33. Ne6 Nd3 34. Re3 Nb4 35. Rc1 Nd5 36. Rd3 Nb4 37. Rd4 Nxa2 38. Rc7 Rxc7 39. Nxc7 1-0

[Event "CYCC U14"]
[Site "Victoria CAN"]
[Date "2005.03.25"]
[Round "4.14"]
[White "Kipanik-Borton, Josh"]
[Black "Durbalau, Ovidiu"]
[Result "0-1"]
[WhiteElo "1011"]
[BlackElo "925"]
[PlyCount "72"]
[GameId "2160767910969275"]
[EventDate "2005.03.24"]
[EventType "swiss"]
[EventRounds "7"]
[EventCountry "CAN"]

1. e4 e5 2. d4 d6 3. c3 exd4 4. cxd4 Nc6 5. d5 Nce7 6. Bb5+ Bd7 7. Bd3 Nf6 8. Bg5 Ng6 9. h4 Be7 10. h5 Ne5 11. f4 Nxd3+ 12. Qxd3 Ng8 13. Nh3 Bxh3 14. gxh3 Bxg5 15. Qb5+ c6 16. dxc6 bxc6 17. Qxc6+ Kf8 18. fxg5 Rc8 19. Qd5 Rc1+ 20. Ke2 Rxh1 21. g6 hxg6 22. e5 Rxh5 23. Qxh1 Rxe5+ 24. Kd1 Qb6 25. b3 Qd4+ 26. Kc1 Qxa1 27. Qa8+ Re8 28. Qd5 Qe5 29. Qd1 Rc8+ 30. Kd2 Qd5+ 31. Ke1 Re8+ 32. Kf1 Qxd1+ 33. Kf2 Qxb1 34. h4 Qd3 35. Kg2 Re2+ 36. Kf1 Qd1# 0-1

[Event "CYCC U14"]
[Site "Victoria CAN"]
[Date "2005.03.26"]
[Round "5.1"]
[White "Trandafir, Stefan"]
[Black "Davies, Noam"]
[Result "1/2-1/2"]
[WhiteElo "1525"]
[BlackElo "1966"]
[PlyCount "71"]
[GameId "2160767910969276"]
[EventDate "2005.03.24"]
[EventType "swiss"]
[EventRounds "7"]
[EventCountry "CAN"]

1. d4 Nf6 2. c4 g6 3. Nc3 d5 4. cxd5 Nxd5 5. e4 Nxc3 6. bxc3 Bg7 7. Bc4 c5 8. Be3 Nc6 9. Rc1 cxd4 10. cxd4 Bxd4 11. Bxd4 Qxd4 12. Qxd4 Nxd4 13. Ne2 Nxe2 14. Kxe2 O-O 15. Rhd1 b6 16. f3 e6 17. Bb5 a6 18. Ba4 Ra7 19. Rc3 b5 20. Bb3 b4 21. Rc5 Bd7 22. Ra5 Bb5+ 23. Kf2 Rb8 24. Ke3 Kf8 25. Rd4 Bc6 26. Bc4 Rb6 27. Rd6 Ke7 28. e5 Ra8 29. Rc5 Rc8 30. Bb3 h6 31. Ba4 Bxa4 32. Rxc8 Rxd6 33. exd6+ Kxd6 34. Rc4 a5 35. Kd2 Bb5 36. Rc8 1/2-1/2

[Event "CYCC U14"]
[Site "Victoria CAN"]
[Date "2005.03.26"]
[Round "5.2"]
[White "Kaminski, Victor"]
[Black "Wang, Shane"]
[Result "1-0"]
[WhiteElo "2198"]
[BlackElo "1748"]
[PlyCount "43"]
[GameId "2160767910969277"]
[EventDate "2005.03.24"]
[EventType "swiss"]
[EventRounds "7"]
[EventCountry "CAN"]

1. d4 e6 2. Nf3 f5 3. g3 b6 4. Bg2 Bb7 5. O-O Nf6 6. c4 Be7 7. Nc3 O-O 8. d5 Bd6 9. Nb5 Qe7 10. Nxd6 cxd6 11. Nd4 Rd8 12. b3 Na6 13. Bb2 Nc5 14. Re1 Rac8 15. Rc1 Ng4 16. h3 Nh6 17. b4 Ne4 18. Qd3 Ng5 19. f4 e5 20. fxg5 exd4 21. gxh6 g6 22. Qxd4 1-0

[Event "CYCC U14"]
[Site "Victoria CAN"]
[Date "2005.03.26"]
[Round "5.3"]
[White "Gaciu, Vlad"]
[Black "Chung, Kevin"]
[Result "1-0"]
[WhiteElo "1611"]
[BlackElo "2048"]
[PlyCount "31"]
[GameId "2160767910969278"]
[EventDate "2005.03.24"]
[EventType "swiss"]
[EventRounds "7"]
[EventCountry "CAN"]

1. d4 d5 2. Bg5 Nf6 3. Nf3 e6 4. e3 Be7 5. Bd3 h6 6. Bxf6 Bxf6 7. Nbd2 O-O 8. c3 b6 9. e4 c5 10. dxc5 bxc5 11. O-O Qb6 12. Rb1 Nc6 13. Qe2 Qc7 14. Rfe1 Rd8 15. exd5 exd5 16. Qe8+ 1-0

[Event "CYCC U14"]
[Site "Victoria CAN"]
[Date "2005.03.26"]
[Round "5.4"]
[White "Me, Kevin"]
[Black "Ang, Alan"]
[Result "1-0"]
[WhiteElo "1762"]
[BlackElo "1878"]
[PlyCount "33"]
[GameId "2160767910969279"]
[EventDate "2005.03.24"]
[EventType "swiss"]
[EventRounds "7"]
[EventCountry "CAN"]

1. e4 e6 2. d4 d5 3. Nc3 Bb4 4. e5 c5 5. Bd2 Nc6 6. Nb5 cxd4 7. Bxb4 Nxb4 8. Nd6+ Kf8 9. Qd2 Nc6 10. f4 f6 11. Nf3 Qe7 12. O-O-O fxe5 13. fxe5 Nxe5 14. Nxe5 Qxd6 15. Qf4+ Ke8 16. Bb5+ Ke7 17. Qg5+ 1-0

[Event "CYCC U14"]
[Site "Victoria CAN"]
[Date "2005.03.26"]
[Round "5.5"]
[White "McDonald, Justin"]
[Black "Higgins, Rehan"]
[Result "1-0"]
[WhiteElo "1924"]
[BlackElo "1208"]
[PlyCount "33"]
[GameId "2160767910969280"]
[EventDate "2005.03.24"]
[EventType "swiss"]
[EventRounds "7"]
[EventCountry "CAN"]

1. e4 d6 2. d4 Nf6 3. Nc3 g6 4. Be3 Bg7 5. Qd2 O-O 6. f3 Nc6 7. Bc4 e5 8. Nge2 a6 9. a3 Ne8 10. O-O-O Kh8 11. g4 b5 12. Bd5 Bb7 13. h4 Rb8 14. h5 Nf6 15. h6 Nxe4 16. hxg7+ Kxg7 17. fxe4 1-0

[Event "CYCC U14"]
[Site "Victoria CAN"]
[Date "2005.03.26"]
[Round "5.6"]
[White "Kelman, Sean"]
[Black "Hambleton, Aman"]
[Result "0-1"]
[WhiteElo "1571"]
[BlackElo "1963"]
[PlyCount "96"]
[GameId "2160767910969281"]
[EventDate "2005.03.24"]
[EventType "swiss"]
[EventRounds "7"]
[EventCountry "CAN"]

1. e4 e6 2. d4 d5 3. Nc3 Bb4 4. e5 c5 5. a3 Bxc3+ 6. bxc3 Ne7 7. c4 Nbc6 8. Nf3 cxd4 9. Bg5 Qa5+ 10. Qd2 Qxd2+ 11. Kxd2 dxc4 12. Bxc4 Ng6 13. Bb5 Bd7 14. Rhe1 h6 15. Bh4 a6 16. Bxc6 Bxc6 17. Bg3 Bxf3 18. gxf3 Ne7 19. Rab1 Rb8 20. Rb4 Nc6 21. Rb6 Kd7 22. f4 Kc7 23. Reb1 Ne7 24. f3 Nd5 25. R6b3 b5 26. Rd3 Rhd8 27. Rxd4 Nxf4 28. Rxd8 Rxd8+ 29. Ke1 Nd5 30. Rb3 Kc6 31. Bf2 Nb6 32. Rc3+ Nc4 33. a4 Ra8 34. f4 Kd5 35. axb5 axb5 36. Ke2 Ke4 37. Bg3 h5 38. Rf3 Ra2 39. Rc3 g6 40. h4 Ra1 41. Rb3 Rc1 42. Rc3 Kf5 43. Kf2 Nd2 44. Rc7 Kg4 45. Ke2 Nc4 46. Be1 Rxc2+ 47. Kd3 Rc1 48. Bd2 Nxe5+ 0-1

[Event "CYCC U14"]
[Site "Victoria CAN"]
[Date "2005.03.26"]
[Round "5.8"]
[White "Yu, Jeffrey Hong Cheung"]
[Black "Brown, Gabriel"]
[Result "1/2-1/2"]
[WhiteElo "1487"]
[BlackElo "1789"]
[PlyCount "87"]
[GameId "2160767910969283"]
[EventDate "2005.03.24"]
[EventType "swiss"]
[EventRounds "7"]
[EventCountry "CAN"]

1. e4 c5 2. Nf3 d6 3. c3 Nf6 4. Bc4 e6 5. Qe2 Be7 6. d4 O-O 7. Bb3 Nc6 8. O-O a6 9. Rd1 Qc7 10. Nbd2 b5 11. Nf1 Bb7 12. Ng3 c4 13. Bc2 Rfd8 14. Bg5 h6 15. Bxf6 Bxf6 16. Nh5 Qe7 17. Nxf6+ Qxf6 18. e5 dxe5 19. dxe5 Qe7 20. Qe4 g6 21. Qe3 Kg7 22. Nd2 Rd5 23. f4 Rad8 24. Ne4 Rxd1+ 25. Rxd1 Rxd1+ 26. Bxd1 Qd7 27. Nd6 Ne7 28. Bf3 Bxf3 29. Qxf3 Nf5 30. Nxf5+ exf5 31. Qe2 Qd5 32. Kf2 Kf8 33. Ke1 Ke7 34. Qe3 Qxg2 35. Qc5+ Ke8 36. Qc8+ Ke7 37. Qc5+ Kd7 38. Qd6+ Kc8 39. Qc5+ Kb7 40. Qe7+ Kb6 41. Qd8+ Ka7 42. Qd4+ Kb7 43. Qd7+ Kb6 44. Qd8+ 1/2-1/2

[Event "CYCC U14"]
[Site "Victoria CAN"]
[Date "2005.03.26"]
[Round "5.9"]
[White "Rozybakiyev, Rasul"]
[Black "Ang, Adrian"]
[Result "1-0"]
[WhiteElo "1636"]
[BlackElo "1455"]
[PlyCount "67"]
[GameId "2160767910969284"]
[EventDate "2005.03.24"]
[EventType "swiss"]
[EventRounds "7"]
[EventCountry "CAN"]

1. e4 e6 2. d4 d5 3. Nc3 Bb4 4. e5 c5 5. a3 cxd4 6. Qxd4 Nc6 7. Bb5 Ba5 8. Nf3 Bb6 9. Qg4 Nge7 10. O-O Nf5 11. Rd1 Bd7 12. Bd3 Nce7 13. Bg5 Rg8 14. Bxf5 exf5 15. Qh3 h6 16. Bxe7 Qxe7 17. Nxd5 Qc5 18. Qg3 O-O-O 19. b4 Qf8 20. c4 g5 21. Ne1 f4 22. Qc3 h5 23. c5 Bc7 24. Nb6+ axb6 25. cxb6 Bc6 26. bxc7 Rxd1 27. Rxd1 Qe7 28. Rc1 g4 29. Qd4 f3 30. b5 Bxb5 31. Qa7 Qe8 32. Qb8+ Kd7 33. c8=Q+ Qxc8 34. Rxc8 1-0

[Event "CYCC U14"]
[Site "Victoria CAN"]
[Date "2005.03.26"]
[Round "5.10"]
[White "Raymer, Evan"]
[Black "Wee, Michael"]
[Result "1-0"]
[WhiteElo "1617"]
[BlackElo "1287"]
[PlyCount "62"]
[GameId "2160767910969285"]
[EventDate "2005.03.24"]
[EventType "swiss"]
[EventRounds "7"]
[EventCountry "CAN"]

1. e4 e6 2. d4 d5 3. Nd2 c5 4. exd5 exd5 5. Ngf3 Nc6 6. Bb5 Bd7 7. O-O Bd6 8. dxc5 Bxc5 9. Nb3 Qb6 10. Nxc5 Qxc5 11. Bd3 Nge7 12. a3 O-O 13. Qe2 Ng6 14. Be3 Qd6 15. Rfe1 Rfe8 16. Rad1 Rac8 17. Qd2 Bg4 18. Be2 Red8 19. h3 Bxf3 20. Bxf3 Nh4 21. Bxd5 Qg6 22. Bg5 h6 23. Bxh4 Re8 24. Bxc6 bxc6 25. Rxe8+ Rxe8 26. Re1 Rf8 27. Qe2 Qd6 28. Be7 Qb8 29. Bxf8 Qxf8 30. Qe8 a5 31. Qxf8+ Kxf8 1-0

[Event "CYCC U14"]
[Site "Victoria CAN"]
[Date "2005.03.26"]
[Round "5.11"]
[White "Durbalau, Ovidiu"]
[Black "Lavigne-Theriault, Francis"]
[Result "0-1"]
[WhiteElo "925"]
[BlackElo "1142"]
[PlyCount "104"]
[GameId "2160767910969286"]
[EventDate "2005.03.24"]
[EventType "swiss"]
[EventRounds "7"]
[EventCountry "CAN"]

1. e4 e5 2. Nf3 d6 3. Nc3 Be7 4. Bc4 c5 5. d3 Nc6 6. Bb5 Nf6 7. Nd5 O-O 8. Nxe7+ Nxe7 9. Bg5 Qa5+ 10. Qd2 Qxb5 11. Bxf6 gxf6 12. b3 Qb4 13. O-O Qxd2 14. Nxd2 Kh8 15. Nc4 Rd8 16. Rae1 d5 17. exd5 Nxd5 18. Ne3 Nxe3 19. fxe3 f5 20. e4 f4 21. g3 Rg8 22. Kf2 Rg4 23. gxf4 Rxf4+ 24. Kg1 Rxf1+ 25. Rxf1 Be6 26. Rb1 Rg8+ 27. Kf2 f5 28. exf5 Bxf5 29. b4 cxb4 30. Rxb4 b6 31. Rb5 Rf8 32. Ke3 Re8 33. Kd2 Bg6 34. a4 e4 35. dxe4 Bxe4 36. a5 Rd8+ 37. Kc1 Bc6 38. Re5 Rd5 39. Rxd5 Bxd5 40. axb6 axb6 41. Kb2 b5 42. c3 Kg7 43. Kc2 Kg6 44. Kd3 Kg5 45. Ke2 Kg4 46. Kf2 h5 47. Kg1 Kf3 48. Kf1 Ke3 49. c4 Bxc4+ 50. Ke1 Be2 51. h4 Kd3 52. Kf2 b4 0-1

[Event "CYCC U14"]
[Site "Victoria CAN"]
[Date "2005.03.26"]
[Round "5.12"]
[White "Corbett, Aaron"]
[Black "Iserhoff, Scott"]
[Result "1-0"]
[WhiteElo "906"]
[BlackElo "1018"]
[PlyCount "73"]
[GameId "2160767910969287"]
[EventDate "2005.03.24"]
[EventType "swiss"]
[EventRounds "7"]
[EventCountry "CAN"]

1. e3 e6 2. b3 Qf6 3. d4 Nh6 4. Nh3 Ng4 5. Qxg4 Bb4+ 6. c3 Bd6 7. e4 h5 8. Qg3 Bxg3 9. hxg3 h4 10. Nf4 b6 11. d5 e5 12. Nd3 Qg6 13. gxh4 Qxe4+ 14. Be3 Ba6 15. f3 Qf5 16. g4 Qg6 17. h5 Qh7 18. g5 Bxd3 19. g6 Qg8 20. Bxd3 fxg6 21. Bxg6+ Kd8 22. Bg5+ Kc8 23. Rg1 Qxd5 24. Be4 Qc5 25. Kf1 Rxh5 26. Bxa8 Rh2 27. Rg2 Rh1+ 28. Ke2 Qb5+ 29. c4 Qb4 30. Bf6 Qe1+ 31. Kd3 Qd1+ 32. Ke4 g6 33. Rxg6 Re1+ 34. Kf5 Qd3+ 35. Be4 Qd4 36. Ba8 Qxa1 37. Rg8# 1-0

[Event "CYCC U14"]
[Site "Victoria CAN"]
[Date "2005.03.26"]
[Round "5.13"]
[White "Greene, Spencer"]
[Black "Thomson, Stephen"]
[Result "0-1"]
[WhiteElo "964"]
[BlackElo "1213"]
[PlyCount "62"]
[GameId "2160767910969288"]
[EventDate "2005.03.24"]
[EventType "swiss"]
[EventRounds "7"]
[EventCountry "CAN"]

1. Nh3 e5 2. d4 exd4 3. Ng5 Be7 4. h4 Nf6 5. c4 dxc3 6. Qb3 O-O 7. Qc2 g6 8. h5 d5 9. hxg6 fxg6 10. Rxh7 Bf5 11. e4 Nxh7 12. Nh3 Bxe4 13. Qxc3 Bf6 14. Qb3 Qc8 15. f3 Bxb1 16. Rxb1 c6 17. Ng5 Nxg5 18. g4 Qe6+ 19. Be3 Nxf3+ 20. Kf2 Ng5 21. Re1 Bc3+ 22. Ke2 Bxe1 23. Kxe1 Nf3+ 24. Ke2 Nd4+ 25. Kd2 Nxb3+ 26. axb3 Rxf1 27. Ke2 Nd7 28. b4 Rf3 29. b5 Rf2+ 30. Kd3 Qe4+ 31. Kc3 Qc4# 0-1